000 00474nam a2200169 i 4500
001 90976
003 ES-MaACL
005 20250626063146.0
007 t|
008 050126s1910 sp ||||1| spa d
100 1 _aLeón, Ricardo,
_d1877-1943
_971597
245 1 0 _aAlcalá de los Zegries
_b: novela /
_cRicardo León.
260 _a[Málaga :
_bZambrano Hermanos],
_c1910.
300 _a375 p. ;
_c19 cm.
852 _aES-MaACL
_jB-4051
999 _c90976
_d90976